| 000 | 00625nam a2200241Ia 4500 | ||
|---|---|---|---|
| 005 | 20260320201110.0 | ||
| 008 | 008 262003s9999 xx 000 0 eng d | ||
| 037 | _aEBOOK | ||
| 040 | _aCRL | ||
| 040 | _beng | ||
| 040 | _cCRL | ||
| 041 | _2eng | ||
| 041 | _aeng | ||
| 084 | _qCRL | ||
| 100 |
_aBarakabitze _91134240 |
||
| 245 | 0 | _aMultimedia Streaming in SDN/NFV and 5G Networks: Machine Learning for Managing Big Data Streaming | |
| 260 | _bIEEE | ||
| 260 | _c2023 | ||
| 856 | _uhttps://ieeexplore.ieee.org/servlet/opac?bknumber=9978997 | ||
| 942 | _cEBOOK | ||
| 999 |
_c1718871 _d1718871 |
||